Selected works of A.N. Kolmogorov

Αποθηκεύτηκε σε:
Λεπτομέρειες βιβλιογραφικής εγγραφής
Κύριος συγγραφέας: Kolmogorov A. N. (Andrei Nikolaevich), 1903-1987
Άλλοι συγγραφείς: Shiriaev, Albert Nikolaevich (Επιμελητής έκδοσης)
Μορφή: Βιβλίο
Γλώσσα:English
Δημοσίευση: Dordrecht ; Boston : Kluwer Academic Publishers, c1992-c1993
Σειρά:Mathematics and its applications. Soviet series ; ; 26-27
Θέματα:
Ετικέτες: Προσθήκη ετικέτας
Δεν υπάρχουν, Καταχωρήστε ετικέτα πρώτοι!

MARC

LEADER 00000cam a2200000 i 4500
001 1/54396
008 950914m19921993 eng d
020 |a 90-277-2797-X 
020 |a 90-277-2798-8 
035 |a 1995  |c ΧΑΤΖΗΣΑΒΒΑΣ  |l 10073256 
040 |a GR-MY-UA  |b gre  |e aacr 
041 0 |a eng 
082 0 |a 510 
100 1 |a Kolmogorov A. N.   |q (Andrei Nikolaevich),   |d 1903-1987. 
245 1 0 |a Selected works of A.N. Kolmogorov /  |c edited by A.N. Shiryayev ; translated from the Russian by G. Lindquist, A.B.Sossinsky 
260 |a Dordrecht ; Boston :   |b Kluwer Academic Publishers,   |c c1992-c1993 
300 |a 2 τ.;  |b εικ.;  |c 25 εκ. 
490 1 |a Mathematics and its Applications. Soviet series  |v ; 26-27 
505 0 |a v. 2. Probability theory and mathematical statistics -- v.3. Information Theory and the Theory of Algorithms 
600 1 0 |a Kolmogorov A. N.   |q (Andrei Nikolaevich),   |d 1903-1987. 
650 0 0 |a Mechanics, Analytic. 
650 0 0 |a Information theory  |x Mathematics. 
650 0 0 |a Algorithms. 
650 0 0 |a Mathematics. 
700 1 |a Shiriaev, Albert Nikolaevich,  |e edt 
740 0 2 |a Probability theory and mathematical statistics 
740 0 2 |a Information theory and the theory of algorithms 
830 0 |a Mathematics and its applications. Soviet series ;  |v ; 26-27 
852 |a INST  |b SAMOS  |e 19950914  |h 510 KOL  |p 005300005042  |q 005300005042  |t BK  |y 0  |z v.3 
852 |a INST  |b SAMOS  |e 20040512  |h 510 KOL  |p 005300023341  |q 005300023341  |t BK  |y 0  |z v.2 
852 |a INST  |b SAMOS  |e 19950914  |h 510 KOL  |p 005300005042  |q 005300005042  |t BK  |v v.3:  |y 0  |z v.3 
852 |a INST  |b SAMOS  |e 20040512  |h 510 KOL  |p 005300023341  |q 005300023341  |t BK  |v v.2:  |y 0  |z v.2 
853 |a INST  |b SAMOS  |h 510 KOL 
901 |a BIBL3-2004-2 
909 |a Σ  |b 111760 
909 |a Σ  |b 041151 
922 |a 3ΕΛΗ  |b 200309  |c ΕΠΕΑΕΚ2/ΤΜΗΜΑ ΜΑΘΗΜΑΤΙΚΩΝ  |d ΜΙΧΑΛΟΠΟΥΛΟΣ 
950 |a 116-2003-09-07 
970 |a ΚΟΣΙΕΡΗΣ  |b ΧΡΗΣΤΟΣ  |z 2004/05/13